• 首页
  • 本馆介绍
  • 公告通知
  • 最新文献
  • 馆藏检索
  • 电子资源
  • 读者导购
  • 参考咨询
  • 我的图书馆
  • 登录
  • 详细信息显示
  • 放入我的书架
  • 预约/预借图书
  • 作者相关作品
  • 分类相关作品
  • 丛书相关作品
  • 出版社相关作品

书目信息

  • 表格格式
  • 工作单格式
  • 卡片格式
题名:
婴儿研究和神经科学在心理治疗中的运用
    
 
作者: 拉斯廷 著 ;郝伟杰 , 马丽平 译
分册:  
出版信息: 北京   中国轻工业出版社  2015
页数: 177页
开本: 24cm
丛书名:
单 册:
中图分类: B844.11
科图分类:
主题词: 神经科学--应用--婴儿心理学
电子资源:
ISBN: 978-7-5184-0459-9
000 01201nam0 2200253 450
001 165
005 20180519112032.24
010    @a978-7-5184-0459-9@dCNY36.00
100    @a20150712d2015 em y0chiy50 ea
101 1  @achi@ceng
102    @aCN@b110000
105    @ay z 001yy
200 1  @a婴儿研究和神经科学在心理治疗中的运用@9ying er yan jiu he shen jing ke xue zai xin li zhi liao zhong de yun yong@dInfant research & neuroscience at work in psychotherapy expanding the clinicla repertoire@e拓展临床技能@f(美)Judith Rustin著@g郝伟杰,马丽平译@zeng
210    @a北京@c中国轻工业出版社@d2015
215    @a177页@d24cm
330    @a本书共六章,内容包括:“来自婴儿研究的贡献:自我-并相互调节”、“记忆的形式:重修早年体验”、“心-身的联接:针对身体体验进行工作”、“恐惧系统:针对焦虑、惊恐和创伤后应激障碍工作”等。
510 1  @aInfant research & neuroscience at work in psychotherapy expanding the clinicla repertoire@zeng
606 0  @a神经科学@x应用@x婴儿心理学
690    @aB844.11@v5
701  0 @c(美)@a拉斯廷@9la si ting@c(Rustin, Judith)@4著
702  0 @a郝伟杰@9hao wei jie@4译
702  0 @a马丽平@9ma li ping@4译
801  0 @aCN@b91MARC@c20150712
905    @aMuseLib@dB844.11@e2118
    
    婴儿研究和神经科学在心理治疗中的运用=Infant research & neuroscience at work in psychotherapy expanding the clinicla repertoire:拓展临床技能/(美)Judith Rustin著/郝伟杰,马丽平译.-北京:中国轻工业出版社,2015
    177页;24cm
    
    
    ISBN 978-7-5184-0459-9:CNY36.00
    本书共六章,内容包括:“来自婴儿研究的贡献:自我-并相互调节”、“记忆的形式:重修早年体验”、“心-身的联接:针对身体体验进行工作”、“恐惧系统:针对焦虑、惊恐和创伤后应激障碍工作”等。
●
相关链接 在E读中查询图书 在五车中查询图书 在当当中查询图书 在豆瓣中查询图书


正题名:婴儿研究和神经科学在心理治疗中的运用     索取号:B844.11/2118         预约/预借

序号 登录号 条形码 馆藏地/架位号 状态 备注
1 1100922   211009228   第一样本阅览室/ [索取号:B844.11/2118] 在馆    
2 1100923   211009237   教育系资料室/ [索取号:B844.11/2118] 在馆    
3 1100924   211009246   教育系资料室/ [索取号:B844.11/2118] 在馆    
4 1100925   211009255   教育系资料室/ [索取号:B844.11/2118] 在馆    
5 1100926   211009264   第一借阅区/ [索取号:B844.11/2118] 在馆    
6 1100927   211009273   第一借阅区/ [索取号:B844.11/2118] 在馆    
唐山师范学院图书馆 欢迎您!
大连网信软件有限公司© 版权所有